Т. 22; Механика жидкости и газа

Podrobná bibliografie
Parent link:Механика жидкости и газа/ Академия наук СССР (АН СССР), Всесоюзный институт научной и технической информации (ВИНИТИ). Т. 22.— , 1966-1991.— 0202-781X
Jazyk:ruština
Vydáno: 1988
Témata:
Médium: Kniha
KOHA link:https://koha.lib.tpu.ru/cgi-bin/koha/opac-detail.pl?biblionumber=336376

MARC

LEADER 00000nam2a2200000 4500
001 336376
005 20231102004840.0
035 |a (RuTPU)RU\TPU\book\362792 
035 |a RU\TPU\book\307191 
090 |a 336376 
100 |a 20171013d1988 k y0rusy50 ca 
101 0 |a rus 
102 |a RU 
105 |a a z 001zy 
200 0 |a Т. 22 
210 |d 1988 
215 |a 183 с.  |c ил. 
320 |a Библиография в конце обзоров 
461 1 |0 (RuTPU)RU\TPU\book\44304  |x 0202-781X  |t Механика жидкости и газа  |f Академия наук СССР (АН СССР), Всесоюзный институт научной и технической информации (ВИНИТИ)  |v Т. 22  |d 1966-1991  |s Механика жидкости и газа 
606 1 |a Механика жидкости и газа  |2 stltpush  |3 (RuTPU)RU\TPU\subj\72052  |9 85655 
610 1 |a турбулентность 
610 1 |a уравнения переноса 
610 1 |a параметрические модели 
610 1 |a пограничные слои 
610 1 |a трехмерные задачи 
610 1 |a обтекание 
610 1 |a тела 
610 1 |a потоки газов 
675 |a 532  |v 4 
801 1 |a RU  |b 63413507  |c 20060117  |g PSBO 
801 2 |a RU  |b 63413507  |c 20171019  |g PSBO 
942 |c BK